Statistics for U.S. Geography General Knowledge #4

Click here to take the quiz!

General Stats

  • This quiz has been taken 27,766 times
  • The average score is 12 of 20

Answer Stats

QuestionAnswer% Correct
Which state has the lowest population density?Alaska
84%
What National Park is located in northwestern Wyoming?Yellowstone
82%
What famous cracked bell can be found in Philadelphia?Liberty Bell
81%
What ocean gulf borders 5 states, including Florida and Texas?The Gulf of Mexico
80%
What is the most famous building in Seattle?Space Needle
79%
What is the southernmost state capital?Honolulu
77%
What desert, starting with the letter M, can be found in southeast California?Mojave Desert
74%
What is the largest land animal native to the United States?Bison
68%
What U.S. territory includes the islands of Saint Croix, Saint John, and Saint Thomas?U.S. Virgin Islands
67%
What country is located 70 miles due east of Palm Beach, Florida?Bahamas
66%
What "rocky" city is home to the University of Colorado?Boulder
62%
On what trail can one walk from Maine to Georgia?Appalachian Trail
60%
Which major city has the highest percentage of African-American residents (82%)?Detroit
52%
On what "strip" in Los Angeles would you find famous clubs such as
the Roxy and the Viper Room?
Sunset Strip
49%
What bridge, between Manhattan and New Jersey, is the world's
busiest motor vehicle bridge?
George Washington
Bridge
46%
In what mountain range is California's Mt. Whitney located?Sierra Nevada
39%
What is the state flower of Kansas?Sunflower
33%
What is the biggest city in California that doesn't start with "San" or "Los"?Fresno
31%
What interstate highway connects the cities of Boston and Seattle?I-90
28%
What small city in the Ozark mountains is famous for its musical theatres?Branson, Missouri
25%

Score Distribution

Percentile by Number Answered

Percent of People with Each Score

Your Score History

You have not taken this quiz